107 great chess battles /

Bibliographic Details
Main Author: Alekhine, Alexander, 1892-1946
Other Authors: Winter, Edward (Edward G.)
Format: Book
Language:English
Published: Oxford ; New York : Oxford University Press, 1980.
Series:Oxford chess books.
Subjects:

MARC

Tag First Indicator Second Indicator Subfields
LEADER 00000pam a2200000 a 4500
001 in00000070026
005 20160106094732.0
008 790821s1980 enkac 00110 engm
010 |a  79041072  
015 |a GB80 
020 |a 0192175904 :  |c 7.95 
020 |a 0192175912 (pbk.) :  |c 4.25 
035 |a (OCoLC)05352836 
035 |9 AAJ4811AM 
040 |a DLC  |c DLC  |d TXA  |d UtOrBLW 
049 |a TXAM  |c [1804951] 
050 0 0 |a GV1452  |b .A38 
082 0 |a 794.1/5 
100 1 |a Alekhine, Alexander,  |d 1892-1946. 
245 1 0 |a 107 great chess battles /  |c Alexander Alekhine ; edited and translated by E.G. Winter. 
264 1 |a Oxford ;  |a New York :  |b Oxford University Press,  |c 1980. 
300 |a 256 pages :  |b illustrations, portrait ;  |c 21 cm. 
336 |a text  |b txt  |2 rdacontent 
337 |a unmediated  |b n  |2 rdamedia 
338 |a volume  |b nc  |2 rdacarrier 
490 1 |a Oxford chess books 
500 |a Includes index. 
650 0 |a Chess  |v Collections of games. 
700 1 |a Winter, Edward  |q (Edward G.) 
830 0 |a Oxford chess books. 
999 |a MARS 
999 f f |s a5a1759a-b7ef-3ee6-8913-a295585935a4  |i 34402b99-ecae-36ee-bab6-4dda0ebb8465  |t 0 
952 f f |p normal  |a Texas A&M University  |b College Station  |c Sterling C. Evans Library  |d Evans: Library Stacks  |t 0  |e GV1452 .A38  |h Library of Congress classification  |i unmediated -- volume  |m A14806117454 
998 f f |a GV1452 .A38  |t 0  |l Evans: Library Stacks